000
002590000a22000970004500
100
1
_a
Kinsler, F. Ross
245
1
0
_a
Kairós en la educación teológica
300
_a
Vol. 2, Num 8 (Diciembre, 1988), Páginas 16-28
773
0
_t
Vida y pensamiento
942
_c
ANA
999
_c
52846
_d
52846